000 00610nam a22002297a 4500
003 UA-OsUOA
001 91939
007 ta
008 20121207b un ||||| |||| 00| 0 ukr d
100 _aШкляр Г.
090 _a821.161.2
_bШ66
942 _cBK
040 _aUA-OsUOA
_bukr
_cUA-OsUOA
_dUA-OsUOA
245 _aЧистий вогонь
_bоповідання
300 _a170 с.
955 _a3
041 _aukr
080 _a821.161.2
260 _aК.
_bРад. письменник
_c1984
650 7 _a82 Література. Літературознавство
_2UDC
999 _c378197
_d378197